000 01199cam a2200337 4500
001 17324
003 BD-RjUL
005 20211209000124.0
008 140216s1969 nyuabeh b 001 0 eng
035 _a(BD-RjUL)
040 _aDLC
_cDLC
_dDLC
_dBD-RjUL
_beng
041 1 _aengfre
082 0 0 _a709.05
_bHUE 1969
100 1 _aHubert, Jean,
_d1902-
_953390
245 1 0 _aEurope of the invasions /
_c J. Hubert, J. Porcher [and] W. F. Volbach. [Translated by Stuart Gilbert and James Emmons]
260 _aNew York :
_bG. Braziller,
_c1969.
300 _axv, 387 p. :
_billus. (part fold. col.), facsims. (part col.), col. maps (3 fold.), plans (part col.)
_c29 cm.
350 _a$30.00
500 _aTranslation of L'Europe des invasions.
504 _aBibliography: p. 331-[345]
650 0 _aArt, Early Christian.
_953392
650 0 _aArt, Medieval.
_92936
651 0 _aRome
_xHistory
_yGermanic Invasions, 3rd-6th centuries.
_953393
700 1 _aPorcher, Jean.
_953394
700 1 _aVolbach, Wolfgang Fritz,
_d1892-1988.
_953395
942 _2ddc
_cBK
999 _c17324
_d17324